000 00491nam a2200193 a 4500
001 1766566527343
003 YourLibrary
005 20251226115019.0
008 251224s2006##################000#0#eng##
020 _a9783039107087
082 0 4 _a261.245092
_bDOY
100 1 _aDoyle, Sean,
_eauthor.
245 1 0 _aSynthesizing the Vedanta :
260 _bPeter Lang,
_c2006.
300 _a360 pages
650 0 _aPhilosophy.
942 _cENGLISH
040 _aYourLibrary
_beng
_cYourLibrary
999 _c604644
_d604644